Die 10 stärksten Länder im 2. Weltkrieg - Statistiken

Allgemein
  • Dieses Quiz wurde 146 mal gespielt
  • Das Durchschnittsergebnis liegt bei 9 aus 10
Antwortstatistiken
Hint Antwort % Korrekt
3 Deutsches Reich
100%
1 Vereinigte Staaten
100%
7 Frankreich
97%
5 Vereinigtes Königreich
96%
4 Japanisches Kaiserreich
95%
2 Sowjetunion
94%
8 Italien
92%
6 China
86%
10 Polen
64%
9 Kanada
63%
Keine übereinstimmenden Quizze gefunden
Verteilung der Resultate
Anzahl Personen mit jedem Resultat
Perzentil nach korrekt beantworteten Fragen
Ihre Resultats-Entwicklung
Sie haben dieses Quiz noch nicht gespielt